Přehled základních hudebních forem /

Hlavní autor: Mazourová, Markéta, 1974-
Jazyk: Čeština
Vydáno: Praha : Mezinárodní konzervatoř, [2021?]
Témata:
Fyzický popis: 54 stran ; 26 cm
Knihy
Uloženo v:
LEADER 01675nam a2200433 i 4500
001 nkc20203255033
003 CZ PrNK
005 20230117093839.0
007 ta
008 200923s2021 xr d p 000 0 cze
015 |a cnb003255033 
020 |a 978-80-907818-2-5  |q (Mezinárodní Konzervatoř Praha - International conservatory Prague ;  |q vázáno) 
035 |a (OCoLC)1369539874 
040 |a BOA001  |b cze  |e rda 
072 7 |a 78  |x Hudba  |2 Konspekt  |9 9 
072 7 |a 37.016  |x Učební osnovy. Vyučovací předměty. Učebnice  |2 Konspekt  |9 22 
080 |a 78.082/.086  |2 MRF 
080 |a (075.3)  |2 MRF 
100 1 |a Mazourová, Markéta,  |d 1974-  |7 xx0093159  |4 aut 
245 1 0 |a Přehled základních hudebních forem /  |c Markéta Mazourová 
264 1 |a Praha :  |b Mezinárodní konzervatoř,  |c [2021?] 
300 |a 54 stran ;  |c 26 cm 
336 |a text  |b txt  |2 rdacontent 
337 |a bez média  |b n  |2 rdamedia 
338 |a svazek  |b nc  |2 rdacarrier 
500 |a Vydáno ve spolupráci se Vzdělávacím a kulturním centrem Hájemství, z.s. 
504 |a Obsahuje bibliografii 
650 0 7 |a hudební formy  |7 ph120902  |2 czenas 
650 0 9 |a musical forms  |2 eczenas 
655 7 |a učebnice středních škol  |7 fd133771  |2 czenas 
655 9 |a textbooks (secondary)  |2 eczenas 
910 2 |a BOA001  |b 3-1481.914 
928 9 |a Vzdělávací a kulturní centrum Hájemství 
928 9 |a Hájemství 
990 |a BK 
995 |a 01 
991 |b 202203  |c NOV 
996 6 |b 2610896110  |c 3-1481.914  |l MZK  |r Sklad / do 1 hodiny  |n 0  |p p.v.  |w 001879436  |u 000010  |a 1  |e BOA001  |j MZK50  |s P 
996 7 |b 2610897022  |c 3-1481.914  |l MZK  |r Sklad / do 1 hodiny  |n 0  |p kup  |w 001879436  |u 000020  |a 1  |e BOA001  |j MZK50  |s A